| Tag |
First Indicator |
Second Indicator |
Subfields |
| LEADER |
00000cam a2200000 4500 |
| 001 |
in00000036635 |
| 005 |
20151007062148.0 |
| 008 |
750326s1919 enk 00010 eng u |
| 010 |
|
|
|a 20004866
|
| 035 |
|
|
|a (OCoLC)01238266
|
| 035 |
|
|
|9 AAD4107AM
|
| 040 |
|
|
|c RIU
|d TXA
|d UtOrBLW
|
| 049 |
|
|
|a TXAM
|c [14254]
|
| 050 |
0 |
0 |
|a PR2631
|b .S6
|
| 092 |
|
|
|a 822
|b J81Ys
|
| 100 |
1 |
|
|a Smith, G. Gregory
|q (George Gregory),
|d 1865-1932.
|
| 245 |
1 |
0 |
|a Ben Jonson /
|c by G. Gregory Smith.
|
| 264 |
|
1 |
|a London :
|b Macmillan & Co., Limited,
|c 1919.
|
| 300 |
|
|
|a vi, 310 pages ;
|c 19 cm.
|
| 336 |
|
|
|a text
|b txt
|2 rdacontent
|
| 337 |
|
|
|a unmediated
|b n
|2 rdamedia
|
| 338 |
|
|
|a volume
|b nc
|2 rdacarrier
|
| 490 |
1 |
|
|a English men of letters
|
| 600 |
1 |
0 |
|a Jonson, Ben,
|d 1573?-1637.
|
| 830 |
|
0 |
|a English men of letters.
|
| 999 |
|
|
|a MARS
|
| 999 |
f |
f |
|s ef5f284b-5fae-3827-b99a-ea16b34560fd
|i 53722a16-5fe6-3bfb-a1f3-e2bfef7f77bf
|t 0
|
| 952 |
f |
f |
|p normal
|a Texas A&M University
|b College Station
|c Sterling C. Evans Library
|d Evans: Library Stacks
|t 0
|e PR2631 .S6
|h Library of Congress classification
|i unmediated -- volume
|m A14801297796
|
| 998 |
f |
f |
|a PR2631 .S6
|t 0
|l Evans: Library Stacks
|